Osteopathy : the illustrated guide

Bibliographic Details
Main Author: Sandler, Stephen
Format: Book
Published: New York : Harmony Books , 1989
Series:New ways to health
Subjects:

MARC

LEADER 00000cam a2200000 7i4500
001 0000005893
002 000006367
005 20000330.0
020 |a 0517571463 
090 0 0 |a 615.533   |b SAN 
100 1 |a Sandler, Stephen 
245 1 0 |a Osteopathy :   |b the illustrated guide   |c Stephen Sandler 
260 |a New York :   |b Harmony Books ,   |c 1989 
300 |a 160p. :   |b ill ;   |c 21cm. 
490 0 |a New ways to health 
650 0 0 |a Osteopathy   |x Popular Works 
999 |a 033982   |b BUKU   |c PINJAMAN   |e PERPUSTAKAAN KOMUNITI PETALING JAYA